| 000 | 00639cam a22002291 4500 | ||
|---|---|---|---|
| 001 | 8819698 | ||
| 005 | 20171220092658.0 | ||
| 008 | 711029s1948 nyua b 010 0 eng | ||
| 010 | _a 48003186 | ||
| 035 | _a(OCoLC)167385 | ||
| 040 |
_aDLC _cODaWU _dOCoLC _dDLC |
||
| 041 | _aeng | ||
| 042 | _apremarc | ||
| 080 | _a330.4 MET | ||
| 082 | _a330.4 MET | ||
| 100 | _a54 | ||
| 101 | _aEKO | ||
| 245 | 0 | 0 |
_aIncome, employment and public policy; _cby Lloyd A. Metzler [and others. |
| 504 | _aBibliographical footnotes. | ||
| 906 |
_a7 _bcbc _coclcrpl _du _encip _f19 _gy-gencatlg |
||
| 942 |
_2ddc _cBK |
||
| 999 |
_c39247 _d39247 |
||